| 000 | 04423cam a2200433 i 4500 | ||
|---|---|---|---|
| 999 |
_c129639 _d129639 |
||
| 001 | 18161813 | ||
| 003 | ARRUPE | ||
| 005 | 20190522112438.0 | ||
| 008 | 140523r20132010enkab b 001 0 eng d | ||
| 010 | _a 2013498587 | ||
| 016 | 7 |
_a016471955 _2Uk |
|
| 020 | _a9780199679416 (hardcover) | ||
| 020 | _a019967941X (hardcover) | ||
| 035 | _a(OCoLC)ocn830367905 | ||
| 040 |
_aYDXCP _beng _cYDXCP _erda _dBTCTA _dBDX _dUKMGB _dCGB _dOCLCO _dCHVBK _dXFF _dYAM _dOCLCF _dYAM _dDLC |
||
| 042 | _alccopycat | ||
| 050 | 0 | 0 |
_aZ4 _b.B644 2013 |
| 082 | 0 | 4 |
_a002.09 _223 |
| 245 | 0 | 4 |
_aThe book : _ba global history / _cedited by Michael F. Suarez, S.J., and H.R. Woudhuysen. |
| 250 | _aFirst edition. | ||
| 260 |
_aOxford _bOxford University Press _c2013 |
||
| 300 |
_axx, 748 p. : _billustrations, maps ; _c25 cm |
||
| 500 | _aIncludes articles previously published as part of The Oxford companion to the book, 2010, plus three new articles--Title page verso and dust jacket front flap. | ||
| 504 | _aIncludes bibliographical references and index. | ||
| 505 | 0 | _aWriting systems / Andrew Robinson -- The sacred book / Carl Olson -- The ancient book / Craig Kallendorf -- The history of the book in Byzantium / N.G. Wilson -- The European medieval book / Christopher de Hamel -- The European printing revolution / Cristina Dondi -- The book as symbol / Brian Cummings -- The transmission of Jewish knowledge through MSS and printed books / Emile G.L. Schrijver -- Missionary printing / M. Antoni J. Üc̈erler, S.J. -- Paper / Daven Christopher Chamberlain -- The technologies of print / James Mosley -- The economics of print / Alexis Weedon -- Censorship / Elisabeth Ladenson -- Concepts of intellectual property and copyright / Adam D. Moore -- The manuscript after the coming of print / Harold Love -- Printed ephemera / Michael Harris -- Children's books / Andrea Immel -- The history of illustration and its technologies / Paul Goldman -- Bookbinding / David Pearson -- Theories of text, editorial theory, and textual criticism / Marcus Walsh -- The electronic book / Eileen Gardiner and Ronald G. Musto -- Regional and national histories of the book. Britain, c.1475-1800 / Andrew Murphy ; Britain, 1801-1914 / Leslie Howsam ; Britain from 1914 / Claire Squires ; Ireland / Niall Ó Ciosáin and Clare Hutton ; France / Vincent Giroud ; The Low countries / Paul Hoftijzer ; Germany / John L. Flood ; Switzerland / Lukas Erne ; The Nordic countries / Charlotte Appel and Karen Skovgaard-Petersen ; The Iberian Peninsula / María Luisa López-Vidriero ; Italy / Neil Harris ; Modern Greece, c.1453-2000 / Alexis Politis ; Austria / John L. Flood ; Hungary / Bridget Guzner ; The Czech Republic and Slovakia / Devana Pavlik ; Poland / Janet Zmroczek ; The Baltic states / Jürgen M. Warmbrunn ; The Slavonic book in Russia, Ukraine, and Belarus / Christine Thomas ; The Balkans / Ekaterina Rogatchevskaia and Aleksandra B. Vraneš ; Sub-Saharan Africa / Andrew van der Vlies ; The Muslim world / Geoffrey Roper ; The Indian Subcontinent / Abhijit Gupta ; China / J.S. Edgren ; Korea / Beth McKillop ; Japan / P.F. Kornicki ; Southeast Asia. 1, The islands / Edwin Paul Wieringa ; Southeast Asia. 2, The mainland / Jana Igunma ; Australia / Ian Morrison ; New Zealand / Shef Rogers ; Latin America (including Incas and Aztecs) / Eugenia Roldán Vera ; Canada / Patricia Lockhart Fleming ; America / Scott E. Casper and Joan Shelley Rubin ; The Caribbean and Bermuda / Jeremy B. Dibbell. | |
| 520 | _a"This volume seeks to delineate the history of the production, dissemination, and reception of texts from the earliest pictograms of the mid-4th millennium to recent developments in electronic books."--P. xi. | ||
| 650 | 0 |
_aBooks _xHistory. _945213 |
|
| 650 | 0 |
_aPrinting _xHistory. _945300 |
|
| 650 | 0 |
_aBook industries and trade _xHistory. _946502 |
|
| 700 | 1 |
_aSuarez, Michael F., _d1960- _eeditor. _946503 |
|
| 700 | 1 |
_aWoudhuysen, H. R., _eeditor. _946504 |
|
| 740 | 0 | _aOxford companion to the book. | |
| 906 |
_a7 _bcbc _ccopycat _d2 _encip _f20 _gy-gencatlg |
||
| 942 |
_2lcc _cMONOGRAPH |
||